| LEADER |
00740nam0a2200205 450 |
| 001 |
16823989 |
| 010 |
|
|
|a 978-2-8123-0710-2
|b rel.
|d 19,9
|
| 100 |
|
|
|a 20130625d2026 u u0frey01 ba
|
| 101 |
0 |
|
|a fre
|
| 102 |
|
|
|a FR
|
| 200 |
0 |
|
|a Trash cancan
|e la véritable histoire des rois et des reines de France
|f Caroline Guillot
|
| 207 |
|
1 |
|a
|
| 210 |
|
|
|a Paris Cedex 06
|b 79, bd Saint-Germain
|c Chêne
|d impr. 2013
|
| 215 |
|
|
|a 1 vol. (143 p.)
|c ill., couv. ill.
|d 27 cm
|
| 300 |
|
|
|a Bibliogr. p. 142,Bibliogr. p. 142
|
| 676 |
|
|
|a 944
|
| 700 |
|
0 |
|a Guillot
|b Caroline
|f 1969-....
|4 70
|
| 900 |
|
|
|a Documentaire jeunesse
|
| 901 |
|
|
|a Accessible au prêt
|
| 995 |
|
|
|a Bibliothèque
|c Bibliothèque
|f 024017043
|h 024017043
|k E 944 GUI
|o p
|q j
|r az
|e Bibliothèque
|